Gen. 9 Pokédex Grass type - Statistics

General Stats
  • This quiz has been taken 7 times
  • The average score is 5 of 20
Answer Stats
Dex# Answer % Correct
907 Floragato
50%
908 Meowscarada
50%
952 Scovillain
50%
947 Brambleghast
33%
946 Bramblin
33%
986 Brute Bonnet
33%
1011 Dipplin
33%
1019 Hydrapple
33%
1017 Ogerpon
33%
1001 Wo-Chien
33%
930 Arboliva
17%
929 Dolliv
17%
1010 Iron Leaves
17%
1012 Poltchageist
17%
1013 Sinistcha
17%
906 Spirigato
17%
951 Capasakid
0%
928 Smilov
0%
949 Toadscruel
0%
948 Toedscool
0%
No matching quizzes found
Score Distribution
Percent of People with Each Score
Percentile by Number Answered
Your Score History
You have not taken this quiz